000 00648nam a2200181Ia 4500
003 GCL
008 140319s9999 xx 000 0 ara d
040 _aGCL /
_cGCL
082 0 4 _a819
_bص ا
100 1 _aصالح بن رمضان
245 1 0 _aادبية النص النثرى عند الجاحظ /
_cصالح بن رمضان
260 _aتونس :
_bدار المسيرة للنشر والتوزيع والطباعة ،
_c1990
300 _a134 ص ؛
_c20 سم
650 0 4 _aالادب العربى
650 0 4 _aالنثر العربى
650 0 4 _aالجاحظ ،ابى عثمان عمرو بن بحر بن محبوب
942 _2ddc
_cBK
999 _c4610
_d4610